00451nam a2200145Ia 4500008004100000020001400041050002300055245008900078260004300167300001500210500002000225650001400245980003100259999001500290151021s9999 xx 000 0 und d a781747082 aRT 84.5 R636 2005  a_Developing nursing knowledge philosophical traditions and influnces Beth Rodgers L  aUSA Lippincott Williams &wilkins 2005  axvii,228p  aIncludes index  a_Nursing  a^d20110708 05:20:56^okorir c7680d7680